Statystyki dla Państwa Ameryki Północnej

Kliknij tutaj aby rozwiązać quiz!

Ogólne statystyki

  • Ten quiz został rozwiązany 100 517 razy
  • Średni wynik to 14 z 23

Odpowiedzi na mapie

Odpowiedzi skodowane kolorowo w zielono-czerwonej skali na mapie do tego quizu, zgodnie z poniższymi procentami.
Ładowanie ...
 

Statystyki odpowiedzi

Kraj% Poprawnych
Kanada
99%
Stany Zjednoczone
99%
Meksyk
98%
Kuba
87%
Dominika
78%
Panama
75%
Dominikana
73%
Jamajka
67%
Haiti
67%
Kostaryka
64%
Honduras
63%
Bahamy
60%
Gwatemala
56%
Salwador
56%
Nikaragua
55%
Belize
52%
Barbados
43%
Trynidad i Tobago
39%
Saint Lucia
38%
Antigua i Barbuda
38%
Saint Vincent i
Grenadyny
35%
Saint Kitts i
Nevis
35%
Grenada
35%

Rozkład punktacji

Percentyl według liczby udzielonych odpowiedzi

Procent ludzi z każdym wynikiem

Twoja historia wyników

Nie rozwiązałeś tego quizu